Statistiques concernant Candidats aux primaires pour l'élection présidentielle française 2022

Cliquez ici pour prendre le quiz!

Statistiques générales

  • Ce quiz a été pris 64 fois
  • Le résultat moyen est 12 sur 22

Statistiques - réponses

PrimaireCandidat
Résultat
1er tour
(en %)
Résultat
2nd tour
(en %)
% Correct
Congrès des RépublicainsValérie Pécresse25,00
96%
Primaire ÉcologiqueYannick Jadot27,7051,03
96%
Yannick JadotAssez bien +
96%
Consultation Interne CommunisteFabien Roussel82,32
94%
Primaire SocialisteAnne Hidalgo72,60
92%
Anne HidalgoPassable +
92%
Primaire PopulaireChristiane TaubiraBien +
87%
Jean-Luc MélenchonAssez bien -
81%
Éric Ciotti25,59
75%
Sandrine Rousseau25,1448,97
74%
Xavier Bertrand22,36
66%
Michel Barnier23,93
55%
Philippe Juvin3,13
49%
Stéphane Le Foll27,40
43%
Delphine Batho22,32
42%
Éric Piolle22,29
38%
Jean-Marc Governatori2,35
23%
Pierre LarrouturouPassable +
21%
Charlotte MarchandisePassable -
13%
Anna Agueb-PorterieInsuffisant
4%
Emmanuel Dang Tran1,82
0%
Grégoire Munck0,16
0%

Distribution des résultats

Percentile par nombre de réponses

% des personnes avec chaque résultat

Votre développement - résultats

Vous n’avez pas pris ce quiz